[Event "2nd Sharjah Masters 2018"]
[Site "Sharjah"]
[Date "2018.04.16"]
[Round "6"]
[White "Kryvoruchko, Yuriy"]
[Black "Soumya, Swaminathan"]
[Result "1-0"]
[WhiteElo "2703"]
[BlackElo "2354"]
[Annotator "TA"]
[PlyCount "94"]
[EventDate "2018.??.??"]
[EventType "swiss"]
[EventCountry "UAE"]
[SourceTitle "playchess.com"]
[Source "ChessBase"]
[SourceQuality "1"]

{[%evp 29,94,29,45,29,44,23,65,54,79,56,76,66,106,103,119,65,102,59,102,108,174,159,153,123,225,210,233,224,215,208,187,210,320,321,320,303,318,309,306,325,314,317,293,282,332,312,708,716,720,662,680,668,722,713,717,674,677,669,958,955,1938,1790,1773,1731,1446,1183,6195]} 1. e4 c5 2. Nf3 Nc6 3. d4 cxd4 4. Nxd4 Nf6 5. Nc3 d6 6. Bg5 e6 7. Qd2 a6 8. O-O-O Bd7 9. f3 Be7 10. Kb1 O-O 11. h4 b5 12. Nxc6 Bxc6 13. Ne2 Rc8 14. Nd4 {B67: Sicilian: Richter-Rauzer: 7...a6 8 0-0-0 Bd7, lines without 9 f4 Be7} Bb7 15. g4 {[%cal Bg2g4,Bg4g5][%mdl 32]} Nd7 {LiveBook: 13 Games} 16. Bxe7 {White is slightly better.} (16. Qe3 Ne5 17. Rh2 Qc7 18. Rhd2 Rfd8 19. Bxe7 Qxe7 20. g5 Qc7 {½-½ (48) Kryvoruchko,Y (2701)-Gupta,A (2626) Germany 2016}) 16... Qxe7 17. Qe3 Ne5 18. g5 Nc4 $146 ({Predecessor:} 18... Qc7) 19. Bxc4 Rxc4 20. h5 {[%cal Bh4h5,Bh5h6][%mdl 32]} Rfc8 21. Rh2 Bc6 22. Re2 ({White should try} 22. h6 $16) 22... Be8 23. f4 Qa7 24. Qd3 Qe7 (24... b4 $16) 25. h6 $18 g6 {[#]} 26. Nf3 $1 Qc7 (26... e5 $16 {is a better defense.}) 27. Qxd6 Rxc2 {( -> ...Rc1+)} 28. Qxc7 R2xc7 29. Ne5 Kf8 30. b3 {[%cal Bb2b3,Bb3b4][%mdl 32]} Bc6 (30... a5 $142 31. Ng4 f5 32. exf5 exf5) 31. Ng4 f5 32. gxf6 Kf7 33. Kb2 Be8 34. b4 Rc3 {If only Black now had time for ...Rg3....} 35. Rd8 Rxd8 36. Kxc3 {[%mdl 4096] Endgame KRB-KRN} Rd1 37. e5 Bc6 $2 {[#]} (37... Rc1+ 38. Kd2 Rc4) 38. Nf2 {White is clearly winning.} Rf1 39. Kd4 Rc1 40. Kd3 Bd5 41. Rc2 Bc4+ 42. Kc3 Rf1 43. Kd4 Ra1 44. Ne4 Rf1 45. Nd6+ Kf8 46. Nxc4 bxc4 47. Rxc4 Rxf4+ {Precision: White = 81%, Black = 29%.} 1-0

[Event "2nd Sharjah Masters 2018"]
[Site "Sharjah"]
[Date "2018.04.16"]
[Round "6"]
[White "Naiditsch, Arkadij"]
[Black "Kovalev, Vladislav"]
[Result "1-0"]
[WhiteElo "2701"]
[BlackElo "2648"]
[Annotator "TA"]
[PlyCount "107"]
[EventDate "2018.??.??"]
[EventType "swiss"]
[EventCountry "UAE"]
[SourceTitle "playchess.com"]
[Source "ChessBase"]
[SourceQuality "1"]

{[%evp 24,107,0,-4,0,-8,-12,-19,8,-23,3,8,8,32,26,-52,0,0,12,13,99,102,95,101,109,108,77,102,52,73,109,116,102,118,231,243,228,211,219,199,270,267,431,429,424,419,472,472,472,472,472,472,472,472,472,472,472,472,472,472,472,492,492,489,486,485,474,471,447,449,518,503,487,480,473,448,520,492,684,645,648,644,605,572,543,504]} 1. d4 Nf6 2. Nf3 g6 3. c3 Bg7 4. Bg5 O-O 5. Nbd2 d6 6. e4 c5 7. dxc5 dxc5 8. Be2 Nc6 9. h3 Qc7 {A48: 1 d4 Nf6 2 Nf3 g6: Torre, London and Colle Systems} 10. O-O h6 (10... b6 11. Re1 Bb7 12. Qc2 Nh5 13. a4 Rad8 14. Bf1 h6 15. Be3 Nf4 16. Nc4 Ne6 17. h4 a6 {1-0 (30) Kamsky,G (2740)-Mamedov,R (2651) Moscow 2013}) 11. Be3 b6 12. Qc2 Bb7 13. a4 {LiveBook: 3 Games} Rac8 14. Rad1 Rfd8 15. Rfe1 e6 $146 ({Predecessor:} 15... Nh5 16. Nc4 Nf4 17. Bf1 Rxd1 18. Rxd1 Ne6 {½-½ (27) Peto,P (2079)-Schwarz,F (2205) IECG email 2000}) 16. Qb1 Na5 17. b4 cxb4 18. cxb4 Nc6 19. Nc4 (19. Rc1 $11 Qb8 20. a5) 19... Ne7 (19... Rxd1 $15 20. Rxd1 Nxe4 21. Qxe4 Nd4 22. Qxd4 Bxf3 23. Qxg7+ Kxg7 24. gxf3 h5) 20. Nfd2 Nc6 21. Bf1 Qe7 (21... Nd4 $11) 22. b5 $36 {[%mdl 2048] White has strong initiative.} Nd4 23. e5 Ne8 24. a5 $1 bxa5 {[#]} 25. Qb2 $1 Nf5 26. Bxa7 Bxg2 27. Bxg2 {b6 is the strong threat.} Qxa7 28. b6 {[%cal Bb5b6,Bb6b7][%mdl 32]} Qa6 (28... Qe7 $16) 29. b7 $18 Rb8 30. Qb6 Qxb6 31. Nxb6 Nh4 {[#]} (31... a4 {might work better.} 32. Nxa4 Nc7) 32. Bh1 $1 {Hoping for Ndc4.} Bxe5 $2 (32... a4 33. Ndc4 (33. Nxa4 Rd7 $18) 33... Nc7) 33. Rxe5 Nd6 34. Rb1 Nxb7 35. Nbc4 {White is clearly winning.} Rd7 36. Reb5 Rbd8 {Black hopes to continue with ...Nd6.} 37. Rxb7 ({Don't do} 37. Bxb7 Rxd2 38. Nxd2 Rxd2 $18) 37... Rxd2 38. Nxd2 Rxd2 39. Ra7 Rd4 40. Rbb7 Rf4 41. Bc6 g5 42. Be8 Nf3+ 43. Kf1 {[%cal Re8f7]} Ne5 44. Rxa5 Ng6 45. Raa7 Ne5 46. h4 {[%cal Bh3h4,Bh4h5][%mdl 32]} Kg7 47. h5 Kf8 48. Ra8 {Strongly threatening Bxf7+.} Kg7 49. Ra4 Rf6 50. Ke2 Kf8 51. Re4 Rf5 52. Rb5 Nf3 53. Rxf5 exf5 54. Ra4 {Precision: White = 85%, Black = 44%.} 1-0

[Event "2nd Sharjah Masters 2018"]
[Site "Sharjah"]
[Date "2018.04.16"]
[Round "6"]
[White "Kravtsiv, Martyn"]
[Black "Sadhwani, Raunak"]
[Result "1/2-1/2"]
[WhiteElo "2680"]
[BlackElo "2358"]
[Annotator "TA"]
[PlyCount "109"]
[EventDate "2018.??.??"]
[EventType "swiss"]
[EventCountry "UAE"]
[SourceTitle "playchess.com"]
[Source "ChessBase"]
[SourceQuality "1"]

{[%evp 16,109,-7,-50,-33,-34,-23,-41,-27,-39,-52,-42,-13,-34,-25,-31,-14,-20,-8,-8,-8,-9,-9,-22,-10,-65,-64,-61,-16,-14,-14,-19,0,0,0,0,0,0,0,0,0,0,0,0,0,0,0,0,0,0,0,0,0,0,0,0,0,0,0,0,0,0,0,0,0,0,0,0,0,0,0,0,0,0,0,0,0,0,0,0,0,0,0,0,0,0,0,0,0,0,0,0,0,0,0,0]} 1. d4 Nf6 2. Bf4 d5 3. Nf3 e6 4. e3 c5 5. Nbd2 Bd6 6. Bg3 O-O 7. c3 Qc7 8. Bd3 Nbd7 9. Bh4 {LiveBook: 5 Games. D02: 1 d4 d5 2 Nf3 sidelines, including 2...Nf6 3 g3 and 2...Nf6 3 Bf4} (9. O-O b6 10. e4 Bxg3 11. hxg3 dxe4 12. Nxe4 Bb7 13. Qe2 Rfd8 14. Rad1 cxd4 15. Nxd4 a6 16. Rfe1 h6 {½-½ (37) So,W (2815)-Carlsen,M (2832) chess.com INT 2017}) 9... c4 $146 ({Predecessor:} 9... b6 10. g4 Bb7 11. Bg3 e5 12. g5 Ne4 13. dxe5 Nxe5 14. Bxe4 dxe4 15. Nxe5 Bxe5 16. Nc4 f6 {½-½ (39) Naiditsch,A (2702)-Vocaturo,D (2607) Antalya 2017}) 10. Bc2 b5 11. e4 {Black has an edge.} dxe4 12. Nxe4 Nxe4 13. Bxe4 Bb7 14. Qc2 Bxe4 15. Qxe4 h6 16. O-O Nb6 17. Bg3 Nd5 18. Bxd6 Qxd6 19. Ne5 Rac8 20. f4 ({White should play} 20. a3 $11) 20... b4 $1 $15 {[%cal Rb4c3]} 21. Rf3 bxc3 22. bxc3 {The position is equal.} f6 23. Ng6 f5 24. Qe2 Rf7 25. Re1 Rb7 26. h3 Rb6 27. Ne5 Qc7 28. Kh2 Nf6 29. Qf2 Ne4 30. Qh4 Qd8 31. Qh5 Qe8 32. Qxe8+ Rxe8 33. Nxc4 Rc6 34. Ne3 Rxc3 {[#]} 35. Nxf5 $1 {[%mdl 512]} Rxf3 (35... exf5 36. Rxc3) 36. gxf3 exf5 37. fxe4 {Black must now prevent e5.} fxe4 $11 {[%mdl 4096] Endgame KR-KR} 38. Kg3 Kf7 39. Kf2 Kf6 40. Ke3 Rc8 $1 41. Rb1 Rc3+ 42. Kxe4 Rxh3 43. Rc1 Ra3 44. Rc6+ Kf7 45. Ke5 Rxa2 46. Rc7+ Kf8 47. d5 Re2+ 48. Kd6 g5 49. fxg5 hxg5 50. Rxa7 g4 51. Ra3 Kf7 52. Kd7 Rd2 53. d6 Kf6 54. Kc7 Ke6 {[#] aiming for ...Rc2+.} 55. Re3+ {Precision: White = 69%, Black = 73%.} 1/2-1/2

[Event "2nd Sharjah Masters 2018"]
[Site "Sharjah"]
[Date "2018.04.16"]
[Round "6"]
[White "Safarli, Eltaj"]
[Black "Vignesh N R"]
[Result "1-0"]
[WhiteElo "2653"]
[BlackElo "2475"]
[Annotator "TA"]
[PlyCount "97"]
[EventDate "2018.??.??"]
[EventType "swiss"]
[EventCountry "UAE"]
[SourceTitle "playchess.com"]
[Source "ChessBase"]
[SourceQuality "1"]

{[%evp 22,97,30,29,30,28,66,7,29,10,5,7,14,3,19,23,31,19,23,20,54,31,48,56,30,39,57,44,52,56,56,56,64,61,55,52,141,135,116,126,229,239,170,168,241,250,390,312,718,723,714,698,687,635,608,580,777,747,731,725,600,0,543,0,681,632,840,849,772,805,900,886,1006,1012,1019,961,946,907]} 1. e4 c5 2. Nc3 d6 3. Nf3 Nf6 4. d4 cxd4 5. Nxd4 a6 6. h3 e6 7. g4 d5 {B81: Sicilian Scheveningen: Keres Attack} (7... Nfd7 8. Bg2 Be7 9. Nce2 Nc6 10. c3 Nce5 11. O-O Ng6 12. f4 Nh4 13. Bh1 O-O 14. f5 e5 15. Nc2 {0-1 (57) Fedoseev,V (2724)-Grischuk,A (2767) Moscow 2018}) 8. Nde2 Bc5 9. exd5 Qb6 10. Be3 Bxe3 11. fxe3 Qxe3 12. Bg2 {LiveBook: 3 Games} exd5 13. Qd4 Qg5 $146 ({Predecessor:} 13... Qxd4 14. Nxd4 Nc6 15. O-O-O Nxd4 16. Rxd4 {½-½ (28) Kotlyanskiy,E (2200)-Taylor,W (2196) FICGS email 2010}) 14. O-O (14. Qf4 $1 $14 Qh4+ 15. Qg3 Qxg3+ 16. Nxg3) 14... O-O 15. Nxd5 Nxd5 16. Qxd5 Qe3+ 17. Kh1 {Black must now prevent Rxf7!} Nc6 (17... Qxe2 $6 18. Rae1 $16) 18. Nf4 Be6 19. Nxe6 fxe6 20. Qe4 Qh6 21. c3 Rxf1+ 22. Rxf1 Rf8 23. Re1 Nd8 24. Qd4 Qh4 25. Qe5 h6 26. Rd1 $36 {[%mdl 2048] White fights for an advantage.} Qe7 27. Qd6 Qg5 28. Qc7 Kh8 (28... Qh4 $14) 29. b4 $16 {[%cal Bb2b4,Bb4b5][%mdl 32]} (29. Bxb7 $2 Nxb7 30. Qg3 (30. Qxb7 $2 Qe3 $19) 30... Nc5 $19) 29... Kg8 30. a4 {[%cal Ba2a4,Ba4a5][%mdl 32]} (30. Bxb7 $2 Nxb7 31. Qg3 Qb5 $19) 30... Kh7 (30... Qh4 $16 {was called for.} 31. c4 Nf7) 31. a5 $18 (31. Bxb7 $2 Nxb7 32. Qg3 Kg8 $19) 31... Kg8 32. c4 $1 Kh7 (32... Qh4 $142 33. b5 Qg5) 33. b5 (33. Bxb7 $2 Nxb7 34. Qg3 (34. Qxb7 $2 Qe3 $19) 34... Kg8 $19) 33... Qe3 (33... Kg8 $142 34. b6 (34. Bxb7 $2 Nxb7 35. Qxb7 Qe3 $19) 34... Kh7) 34. Rxd8 Qe1+ $2 (34... Rxd8 35. Qxd8 Qe1+ 36. Kh2 Qe5+ 37. Kg1 Qe3+ 38. Kf1 Qf4+ 39. Ke2 Qe5+ 40. Kf2 Qb2+ 41. Kg1 Qc1+ 42. Bf1 Qe3+ 43. Kg2 Qe4+ 44. Kf2 Qf4+ 45. Ke1 Qe3+ 46. Be2 Qe5 47. Qd3+ Kh8) 35. Kh2 Rxd8 36. Qxd8 ({But not} 36. bxa6 $2 Rd1 $19) 36... Qe5+ {[#]} 37. Kg1 $1 Qe3+ {[#]} 38. Kf1 $1 Qf4+ 39. Ke2 Qe5+ 40. Kf3 Qc3+ 41. Ke2 {aiming for Qd3+.} Qe5+ 42. Kf3 Qc3+ 43. Kf2 {White is clearly winning.} Qc2+ 44. Kg3 Qc3+ 45. Bf3 Qe5+ 46. Kf2 Qh2+ 47. Ke3 {White threatens Be4+ and mate.} Qg1+ 48. Kd2 {White wants to mate with Be4+.} Qf2+ 49. Be2 {Precision: White = 81%, Black = 36%.} 1-0

[Event "2nd Sharjah Masters 2018"]
[Site "Sharjah"]
[Date "2018.04.16"]
[Round "6"]
[White "Grandelius, Nils"]
[Black "Dimakiling, Oliver"]
[Result "0-1"]
[WhiteElo "2652"]
[BlackElo "2412"]
[Annotator "TA"]
[PlyCount "112"]
[EventDate "2018.??.??"]
[EventType "swiss"]
[EventCountry "UAE"]
[SourceTitle "playchess.com"]
[Source "ChessBase"]
[SourceQuality "1"]

{[%evp 16,112,49,31,43,37,43,37,39,33,52,25,44,43,27,27,20,15,60,59,54,63,56,26,29,29,81,69,92,91,97,30,71,-51,-34,-54,-52,-61,49,-20,-10,-76,-75,-106,-103,-103,-108,-117,-66,-110,-119,-124,-138,-152,-150,-151,-140,-159,-147,-194,-187,-224,-222,-257,-254,-241,-270,-379,-382,-387,-355,-268,0,-387,-387,-370,-350,-400,-411,-421,-252,-287,-270,-777,-752,-745,-744,-972,-970,-1520,-1520,-1209,-1129,-5189,-1390,-1659,-1503,-1984,-2043]} 1. e4 e5 2. Nf3 Nf6 3. Nxe5 d6 4. Nf3 Nxe4 5. d4 Be7 6. Bd3 Nf6 7. O-O O-O 8. h3 c5 9. Nc3 {LiveBook: 13 Games. C42: Petroff Defence: 3 Nxe5 and unusual White 3rd moves} (9. b3 Nc6 10. Bb2 Nb4 11. Be2 Bf5 12. Na3 d5 13. c3 Nc6 14. Nc2 Qb6 15. Ne3 Be4 16. Ng5 Rad8 17. Nxe4 Nxe4 {1-0 (61) Areshchenko,A (2665)-Dimakiling,O (2382) Abu Dhabi 2016}) 9... cxd4 10. Nxd4 Nc6 11. Be3 {White is slightly better.} Re8 $146 ({Predecessor:} 11... Ne5) 12. Re1 Ne5 13. Bf1 h6 14. Bf4 Bf8 15. Nf3 {[%cal Rf3e5]} Qa5 16. Bb5 Nxf3+ 17. Qxf3 Rxe1+ 18. Rxe1 d5 $1 {[%cal Rd5d4] Threatens to win with ...d4.} 19. Be5 Ne4 $1 {[%cal Re4c3] White should prevent ...Nxc3.} 20. Bd3 f5 (20... Be6 $11) 21. Rd1 {b4! is the strong threat.} Be6 22. Nb5 Qb6 23. Nd4 (23. Bd4 $16 Bc5 24. c3) 23... Re8 24. Bxe4 ({Of course not} 24. Nxf5 Bxf5 25. Qxf5 Rxe5 $11) (24. Nxe6 $16 Rxe6 25. Bxe4 (25. Qxf5 Rxe5 26. Qxe5 Nxf2 $11) 25... fxe4 26. Qf5) 24... dxe4 $15 25. Qh5 Bf7 26. Qxf5 Bg6 ({Black should play} 26... Qxb2 $15 27. a4 (27. Qxe4 Qxa2 28. Nf3 a5 $15) 27... Qb4) 27. Qf4 (27. Bc7 $1 $14) 27... Qxb2 $11 28. a4 (28. Qg3 $11 Bh5 29. Ne6) 28... Qa2 $1 $17 29. Bd6 Qxa4 30. Bxf8 Rxf8 31. Qg3 {[#]} Qe8 (31... Kh7 $1 $17 32. Qc3 Qd7) 32. Ra1 a6 33. Rb1 b5 34. Ra1 {[#]} Rf6 $1 35. c3 Kh7 36. Nc2 Qd8 37. Qe3 Rd6 {Hoping for ...Rd1+.} 38. Qe1 a5 39. Ne3 Qc7 40. Qc1 Rd3 41. Qb2 (41. Qe1 {was the only chance.}) 41... Be8 $19 42. Ra3 Qb6 43. Ra1 Qc7 (43... a4 $142 44. Qb4 Qf6) 44. Ra3 $1 a4 45. Qb4 Qf4 {White must now prevent ...Rd2.} 46. Ra2 Qe5 47. Rc2 Bf7 (47... Qd6 $142 {aiming for ...Rd1+!} 48. Qxd6 Rxd6) 48. Rc1 h5 49. Nf1 $2 {[#]} (49. Qf8 Bg8 50. Qb4) 49... e3 $1 {[%mdl 512] Black is clearly winning.} 50. fxe3 (50. Nxe3 Rxe3) 50... Rxe3 51. Rb1 Rxc3 52. Qh4 a3 53. Re1 Qc5+ 54. Kh1 a2 (54... Rc1 $142 55. Rxc1 Qxc1 56. Qe4+ Kh6) 55. Qf4 Bg6 56. Ng3 Qc7 {Precision: White = 30%, Black = 65%.} 0-1

[Event "2nd Sharjah Masters 2018"]
[Site "Sharjah"]
[Date "2018.04.16"]
[Round "6"]
[White "Rakhmanov, Aleksandr"]
[Black "Pranav Vijay"]
[Result "1-0"]
[WhiteElo "2652"]
[BlackElo "2265"]
[Annotator "TA"]
[PlyCount "191"]
[EventDate "2018.??.??"]
[EventType "swiss"]
[EventCountry "UAE"]
[SourceTitle "playchess.com"]
[Source "ChessBase"]
[SourceQuality "1"]

{[%evp 28,190,33,22,28,0,31,25,33,5,20,22,31,37,64,0,31,28,36,27,16,21,27,14,29,25,31,33,37,33,31,25,37,36,55,53,46,53,70,63,62,47,43,8,41,18,29,16,22,23,99,17,22,0,0,0,23,0,0,0,0,0,0,0,0,0,23,0,23,0,37,36,270,254,228,87,112,25,37,0,0,0,0,0,0,-24,275,275,276,278,511,462,492,484,685,685,1066,1042,1714,1577,1738,1616,1423,4727,4706,3085,29983,29984,29984,29985,29984,29985,29990,29988,29988,29989,29990,29991,29992,29991,29991,29992,29992,29992,29992,29993,29994,29995,29995,29996,29998,29996,29996,29996,29998,29996,29996,29994,29999,29998,29998,29999,29999,29998,29998,29997,29997,29997,29997,29997,29998,29997,29998,29997,29998,29997,29998,29997,29997,29998,29998,29998,29999,29999,29999]} 1. Nf3 Nf6 2. c4 b6 3. g3 Bb7 4. Bg2 c5 5. O-O g6 6. b3 Bg7 7. Bb2 O-O 8. Nc3 d6 9. d4 cxd4 10. Qxd4 Ne4 {A30: Symmetrical English: Double Fianchetto and Hedgehog} (10... Nbd7 11. Qd2 a6 12. Rfd1 Rc8 13. Rac1 Re8 14. Ne1 Qc7 15. Nd5 Qb8 16. Bh3 Ne4 17. Qc2 Bxb2 18. Qxb2 e6 {½-½ (41) Svidler,P (2760)-Gelfand,B (2695) Moscow 2018}) 11. Qe3 Nxc3 12. Bxc3 Bxc3 13. Qxc3 Nd7 14. Rfd1 Qc7 15. Qe3 {LiveBook: 3 Games} Nf6 16. Rd4 Kg7 17. Rad1 Rfe8 {[#]} 18. Nh4 $146 ({Predecessor:} 18. g4) 18... Bxg2 19. Nxg2 Qc5 20. Qd3 b5 21. Ne3 (21. cxb5 $14 d5 22. Ne3) 21... bxc4 22. Rxc4 Qa5 23. Qc2 Qe5 24. h3 Qe6 25. Kg2 Rac8 26. Rc1 {[%cal Rc4c8]} Rxc4 27. Qxc4 Qe5 28. Ng4 Nxg4 29. hxg4 $14 {[%mdl 4096] Endgame KQR-KQR} d5 30. Qd3 Rd8 31. Rc5 f6 32. b4 Kf7 33. a4 a6 34. b5 axb5 35. axb5 Qe6 36. f3 Rd6 37. Qc2 Qe3 38. Rc6 Rd7 (38... Rd8 $11 {keeps the balance.}) 39. Rc3 (39. b6 $16) 39... Qd4 40. Rc8 Qe3 41. Rc3 Qd4 42. Rb3 Rb7 43. Qb1 Rb6 44. Qh1 Kg7 45. Qc1 Qc4 46. Qe3 Rb7 47. b6 {Hoping for Rc3.} Kf7 48. Rb1 {And now Rh1 would win.} Qc2 49. Rc1 Qb2 $2 ({Better is} 49... d4 $1 $14) 50. Rc6 $1 $18 ({Worse is} 50. Rc7 Rxc7 51. bxc7 Qc2 $11) 50... Qe5 {[#]} 51. Qd2 (51. Kf2 $1 $18) 51... Kg7 {[#]} 52. Kf2 (52. Qd3 $1 $16) 52... d4 $1 $11 53. Qd3 Qd5 54. Qe4 Qxe4 55. fxe4 {KR-KR} Kf7 56. g5 Ke8 $2 {[%mdl 8192]} (56... fxg5 $11 {and Black has nothing to worry.} 57. e5 Ke8) 57. gxf6 $18 exf6 58. Rxf6 Re7 $2 (58... Ke7 59. e5 Rd7) 59. Rd6 Kf7 60. Kf3 Re5 (60... g5 $142 61. g4 Re8) 61. Rd5 Re7 62. e5 Ke6 63. Ke4 Rb7 64. Rd6+ Ke7 65. Kxd4 Rb8 66. Kd5 Rc8 67. b7 {White mates.} Rb8 68. Kc6 Rg8 69. Kc7 Kf7 70. b8=Q Rxb8 71. Kxb8 {KR-KPP} Ke7 72. Kc7 Ke8 73. Re6+ Kf7 74. Kd7 Kg7 75. Rf6 Kh6 76. e6 {[%cal Be5e6,Be6e7,Be7e8,Be8f6][%mdl 32]} Kg7 77. Rf1 Kh8 78. e7 Kg8 79. e4 Kg7 80. e5 Kg8 81. e6 Kg7 82. e8=N+ Kh8 83. Rf7 {[%cal Rf7f8]} Kg8 84. Nf6+ Kh8 85. Nxh7 Kg8 86. Nf8 Kh8 87. Nxg6+ Kg8 88. Ne5 Kh8 89. g4 {[%cal Bg3g4,Bg4g5,Bg5g6,Bg6g7,Bg7g8][%mdl 32]} Kg8 90. g5 Kh8 91. g6 Kg8 92. g7 Kh7 93. e7 Kh6 94. e8=Q Kh7 95. g8=N+ Kh8 96. Ng6# {Precision: White = 43%, Black = 43%.} 1-0

[Event "2nd Sharjah Masters 2018"]
[Site "Sharjah"]
[Date "2018.04.16"]
[Round "6"]
[White "Mareco, Sandro"]
[Black "Vishnu Prasanna  V"]
[Result "1/2-1/2"]
[WhiteElo "2645"]
[BlackElo "2510"]
[Annotator "TA"]
[PlyCount "73"]
[EventDate "2018.??.??"]
[EventType "swiss"]
[EventCountry "UAE"]
[SourceTitle "playchess.com"]
[Source "ChessBase"]
[SourceQuality "1"]

{[%evp 19,73,0,-10,-11,0,0,0,-8,-5,-2,17,14,19,0,0,0,14,0,0,0,0,0,0,0,0,0,0,-6,0,0,0,0,0,0,0,0,0,0,0,0,0,0,0,0,2,0,0,0,0,0,0,0,0,0,10,10]} 1. d4 d5 2. c4 c6 3. Nf3 Nf6 4. Nbd2 Bf5 5. g3 h6 6. Bg2 e6 7. O-O Nbd7 8. b3 Bd6 9. Bb2 Qb8 {D11: Slav Defence: 3 Nf3 sidelines and 3...Nf6 4 e3 Bg4} (9... O-O 10. e3 Ne4 11. Nxe4 Bxe4 12. Nd2 Bxg2 13. Kxg2 f5 14. a4 Qe7 15. Qc1 Nf6 16. Ba3 Ne4 17. Bxd6 Qxd6 {½-½ (50) Mecking,H (2597)-Toth,C (2348) Rio de Janeiro 2018}) 10. Qc1 O-O {LiveBook: 5 Games. The position is equal.} 11. Ba3 b5 12. Bxd6 Qxd6 13. Qc3 $146 ({Predecessor:} 13. c5 Qb8 14. a4 a5 15. Re1 b4 16. Qb2 Be4 17. Rac1 {1-0 (38) Bernard,C (2257)-Da Ces,P (1972) Cappelle-la-Grande 2014}) 13... bxc4 14. bxc4 Ne4 15. Nxe4 Bxe4 16. Rfc1 dxc4 17. Qxc4 Rfc8 18. Ne1 Bxg2 19. Kxg2 c5 20. Nf3 Rab8 21. Rab1 Rxb1 22. Rxb1 Nb6 23. Qa6 {[#] aiming for Rxb6!} Qd7 24. dxc5 Rxc5 25. Rb2 Rc7 26. Rd2 Qc8 27. Qb5 Rc5 28. Rd8+ Qxd8 29. Qxc5 Qd5 30. Qc2 a5 31. e4 Qd6 32. Qc3 a4 33. Ne5 f6 34. Nd3 Nd7 35. Kf1 Kh7 36. Ke2 Ne5 37. Nxe5 {Precision: White = 61%, Black = 75%.} 1/2-1/2

[Event "2nd Sharjah Masters 2018"]
[Site "Sharjah"]
[Date "2018.04.16"]
[Round "6"]
[White "Adly, Ahmed"]
[Black "Dhulipalla Bala Chandra Prasa"]
[Result "1-0"]
[WhiteElo "2626"]
[BlackElo "2294"]
[Annotator "TA"]
[PlyCount "141"]
[EventDate "2018.??.??"]
[EventType "swiss"]
[EventCountry "UAE"]
[SourceTitle "playchess.com"]
[Source "ChessBase"]
[SourceQuality "1"]

{[%evp 20,141,0,-8,14,30,26,0,-3,-2,18,0,0,1,16,-38,0,0,0,0,3,0,51,39,45,32,38,44,59,41,116,10,112,11,19,0,7,0,0,0,0,0,0,0,0,0,26,0,61,61,61,61,61,61,95,13,20,19,70,17,22,27,66,0,14,0,61,0,45,0,85,18,38,12,31,10,12,13,20,25,61,61,61,61,134,115,129,61,68,68,75,68,168,171,175,163,316,250,650,637,758,758,750,571,761,497,758,749,751,741,655,629,555,265,29964,29965,29963,29964,29952,29949,1719,1053,893,889]} 1. Nf3 d5 2. g3 Bg4 3. Bg2 Nd7 4. c4 e6 5. cxd5 exd5 6. O-O Ngf6 7. h3 Bh5 8. Nc3 c6 9. d3 Bc5 10. e4 {A11: English Opening: 1...c6} (10. Qb3 Bb6 11. Na4 O-O 12. Nxb6 axb6 13. g4 Bg6 14. Nd4 Re8 15. f4 h6 16. Rf2 b5 17. Qc2 Qb6 {½-½ (59) Meier,G (2647)-Ghosh,D (2556) chess.com INT 2018}) 10... dxe4 11. dxe4 {LiveBook: 10 Games} Bxf3 12. Qxf3 {The position is equal.} Ne5 13. Qf5 Qe7 14. Rd1 $146 {[%mdl 2048] White is not keeping still} ({Predecessor:} 14. Kh2 Qe6 15. Qxe6+ fxe6 16. f4 Nd3 17. e5 Nd5 {1-0 (59) Lorparizangeneh,S (2478)-Timerkhanov,A (2340) Khanty-Mansiysk 2016}) 14... a6 15. Bf4 Nfd7 $1 16. Qh5 O-O 17. Rd2 (17. Qe2 $11) 17... g6 18. Qe2 g5 19. Be3 Bxe3 20. Qxe3 Nc4 {[#]} (20... Rfd8 $11 21. Bf1 g4) 21. Rxd7 $1 $14 {[%mdl 512]} Qxd7 22. Qxg5+ Kh8 23. Qf6+ {[%mdl 1024] White has compensation.} Kg8 24. b3 Na3 (24... Nb6 $1 $14) 25. Qg5+ $16 Kh8 {[#]} 26. Rd1 ({White must play} 26. e5 $1 $16) 26... Qe6 $11 27. Na4 f6 $1 {[%cal Rf6g5]} 28. Qc1 {Threatens to win with Nc5.} (28. Nc5 {seems wilder.} fxg5 29. Nxe6 Rg8 30. Bf3 Rae8 31. Bg4) 28... Qe7 $1 29. Nc5 {And now Rd7 would win.} Rad8 30. Rxd8 Rxd8 31. Nxb7 Qxb7 32. Qxa3 {[%mdl 4096] Endgame KQR-KQB} Kg7 33. Qc5 Qc7 ({Black should try} 33... Rd1+ $11 34. Kh2 Qc7) 34. Bf1 $14 Rd2 35. a4 a5 36. Bc4 Rd7 37. Kg2 (37. Qh5 $16) 37... Re7 $11 38. Kf3 Rd7 (38... Kh6 $11) 39. Qf5 (39. Qh5 $1 $14) 39... Rd8 40. Qg4+ Kh8 41. Qe6 (41. h4 $14) 41... Kg7 42. Qg4+ Kh8 43. Qf5 Kg7 44. Qc5 Rd7 $1 45. h4 ({White should play} 45. Qh5 $16) 45... Re7 46. Bf1 Re5 47. Qd4 Re7 48. Bh3 Qe5 49. Qc4 Qd6 50. Bf5 Re5 51. Kg2 Rc5 (51... Qc7 $14) 52. Qe2 $16 {Strongly threatening Qh5.} Qe7 53. Qd3 (53. Qg4+ $16 Kh8 54. Qf3) 53... Re5 54. h5 {[%cal Bh4h5,Bh5h6][%mdl 32]} Qf7 55. Qf3 Re8 ({Better is} 55... h6 $1 $14) 56. Qg4+ $18 Kh8 57. h6 Rg8 $2 (57... Ra8 58. Qd1 Qc7) 58. Qf4 Rf8 $2 (58... Qe7 59. Qc1 Qd6) 59. Qd6 Re8 60. Qxc6 Qf8 61. Qc1 Re7 62. Qd2 Ra7 (62... Re5 $142 63. g4 Qe8) 63. Qd4 Re7 64. Qc5 Rf7 65. Qd5 Ra7 66. e5 (66. Qb5 $142 Qd8 67. b4) 66... Qxh6 $2 (66... Qa8 $18 67. Qxa8+ Rxa8) 67. Qd8+ Kg7 68. e6 {[%cal Be5e6,Be6e7][%mdl 32]} Qc1 69. e7 {[%csl Ge7][%cal Rd8f8]} Qc6+ 70. Kh2 {[%csl Ge7][%cal Rd8f8]} Ra8 71. Bd7 {Precision: White = 52%, Black = 47%.} 1-0